[Event "Moscow op-A"]
[Site "Moscow"]
[Date "2016.02.03"]
[Round "5"]
[White "Samdanov, Samdan"]
[Black "Vdovin, Vadim"]
[Result "0-1"]
[WhiteElo "2250"]
[BlackElo "2361"]
[PlyCount "112"]
[EventDate "2016.01.30"]
[EventType "swiss"]
[EventRounds "9"]
[EventCountry "RUS"]
[SourceTitle "CBM 170 Extra"]
[Source "ChessBase"]
[SourceDate "2016.02.25"]
[SourceVersion "1"]
[SourceVersionDate "2016.02.25"]
[SourceQuality "1"]

1. d4 Nf6 2. g3 g6 3. Bg2 Bg7 4. e4 d6 5. Ne2 0-0 6. 0-0 e5 7. Nbc3 c6 8. h3 Nbd7 9. Be3 Re8 10. a4 a5 11. f4 exf4 12. gxf4 Nxe4 13. Nxe4 d5 14. f5 dxe4 15. Ng3 Nb6 16. Kh1 Nc4 17. Bf4 Qxd4 18. Qe2 Bxf5 19. Rad1 Qc5 20. Nxf5 gxf5 21. b3 Ne5 22. Be3 Qe7 23. Rxf5 Qe6 24. Qh5 Rad8 25. Re1 Qg6 26. Bb6 Qxh5 27. Rxh5 Nf3 28. Bxf3 exf3 29. Rg1 f2 30. Bxf2 Rd2 31. Be1 Rd1 32. Bxa5 Rxg1+ 33. Kxg1 Re2 34. Bb6 Rxc2 35. Ra5 Bf6 36. b4 Rb2 37. Bc5 Kg7 38. Ra8 b6 39. Bf8+ Kg6 40. Kf1 Bd4 41. Rc8 Rf2+ 42. Ke1 Ra2 43. Rxc6+ Kf5 44. Rc4 Be3 45. b5 Ke5 46. Rc6 f5 47. Bd6+ Ke4 48. Bc7 f4 49. Re6+ Kd3 50. Rd6+ Bd4 51. Kf1 f3 52. Rxd4+ Kxd4 53. Bxb6+ Kc4 54. Be3 Kd5 55. b6 Rxa4 56. h4 Rxh4 0-1

[Event "Buryatia-ch 3rd"]
[Site "Ulan-Ude"]
[Date "2015.01.07"]
[Round "5"]
[White "Samdanov, Samdan"]
[Black "Brylev, Igor"]
[Result "1-0"]
[WhiteElo "2336"]
[BlackElo "2166"]
[PlyCount "99"]
[EventDate "2015.01.05"]
[EventType "swiss"]
[EventRounds "9"]
[EventCountry "RUS"]
[SourceTitle "CBM 164 Extra"]
[Source "ChessBase"]
[SourceDate "2015.03.02"]
[SourceVersion "1"]
[SourceVersionDate "2015.03.02"]
[SourceQuality "1"]

1. d4 Nf6 2. c4 g6 3. f3 d5 4. cxd5 Nxd5 5. e4 Nb6 6. Nc3 Bg7 7. Be3 e5 8. d5 c6 9. Qd2 cxd5 10. exd5 Nc4 11. Bxc4 Qh4+ 12. g3 Qxc4 13. Bh6 0-0 14. h4 Qd4 15. Qxd4 exd4 16. Bxg7 Kxg7 17. Nb5 Na6 18. 0-0-0 Re8 19. Rxd4 Re1+ 20. Rd1 Rxd1+ 21. Kxd1 Bf5 22. Ne2 Nb4 23. Nbc3 Nd3 24. Kd2 Nxb2 25. g4 Nc4+ 26. Kc1 Bd7 27. Rd1 Rc8 28. Kb1 b5 29. Nd4 a6 30. Ka1 Rc5 31. Ne4 Rc8 32. g5 Ne5 33. Nf6 Bh3 34. f4 Nc4 35. Re1 Bg2 36. Re7 Kf8 37. Ra7 Bxd5 38. Nxh7+ Kg7 39. Nf6 Rd8 40. a4 bxa4 41. h5 Nb6 42. Rxa6 Rb8 43. h6+ Kh8 44. Ra7 Rb7 45. Ra5 Bc4 46. f5 Re7 47. fxg6 fxg6 48. Nf3 Re2 49. Re5 Rxe5 50. Nxe5 1-0

[Event "Buryatia-ch Superfinal 2nd"]
[Site "Ulan-Ude"]
[Date "2014.01.08"]
[Round "6"]
[White "Batchimeg, Tuvshintugs"]
[Black "Samdanov, Samdan"]
[Result "0-1"]
[WhiteElo "2357"]
[BlackElo "2262"]
[PlyCount "102"]
[EventDate "2014.01.05"]
[EventType "swiss"]
[EventRounds "9"]
[EventCountry "RUS"]
[SourceTitle "EXT 2015"]
[Source "ChessBase"]
[SourceDate "2014.11.20"]
[SourceVersion "1"]
[SourceVersionDate "2014.11.20"]
[SourceQuality "1"]

1. d4 Nf6 2. Nf3 g6 3. c4 Bg7 4. Nc3 d5 5. Bf4 0-0 6. e3 c5 7. dxc5 Qa5 8. Rc1 Nbd7 9. cxd5 Ne4 10. Nd4 Nxc3 11. bxc3 Nxc5 12. Bc4 Bd7 13. 0-0 Na4 14. Qb3 Rac8 15. Qb4 Qc5 16. Qxb7 Qxc4 17. Qxd7 Nb6 18. Qxe7 Bxd4 19. exd4 Nxd5 20. Qh4 Nxc3 21. Rxc3 Qxc3 22. Bh6 Rfd8 23. Be3 Rd5 24. h3 Qb2 25. a4 Re8 26. Qf6 Qb6 27. Qf3 Rf5 28. Qd1 Qc6 29. Qb3 Ra5 30. Ra1 Qd5 31. Qc3 Ra6 32. a5 Rc6 33. Qb4 Rc4 34. Qb2 h5 35. a6 Rd8 36. Qa3 Rd6 37. Bf4 Re6 38. Rb1 Rc8 39. Be3 Qd6 40. Qb2 Ree8 41. Qa2 Rb8 42. Rd1 Rb6 43. d5 Rxa6 44. Qb2 Ra4 45. Qc3 a6 46. Bc5 Qd7 47. Qf6 Qd8 48. Qc3 Qa5 49. Qc1 Rc8 50. d6 Rxc5 51. Qe3 Ra1 0-1

[Event "Buryatia-ch"]
[Site "Ulan-Ude"]
[Date "2013.01.06"]
[Round "7"]
[White "Tugarin, Anton"]
[Black "Samdanov, Samdan"]
[Result "1-0"]
[WhiteElo "2082"]
[BlackElo "2231"]
[PlyCount "137"]
[EventDate "2013.01.02"]
[EventType "swiss"]
[EventRounds "9"]
[EventCountry "RUS"]
[SourceTitle "CBM 152 Extra"]
[Source "ChessBase"]
[SourceDate "2013.02.25"]
[SourceVersion "1"]
[SourceVersionDate "2013.02.25"]
[SourceQuality "1"]

1. Nf3 c5 2. c4 g6 3. d4 Bg7 4. e4 cxd4 5. Nxd4 Nc6 6. Be3 Nf6 7. Nc3 Ng4 8. Qxg4 Nxd4 9. Qd1 Ne6 10. Be2 0-0 11. 0-0 Bxc3 12. bxc3 d6 13. f4 Nc5 14. Qd4 Bd7 15. f5 Bc6 16. Bh6 e5 17. fxe6 Nxe6 18. Qf2 Ng7 19. Qd4 Ne6 20. Qf2 Ng7 21. Qd4 f6 22. c5 dxc5 23. Bc4+ Kh8 24. Qxc5 Rc8 25. e5 Bxg2 26. exf6 Rxf6 27. Rfd1 Qb6 28. Qxb6 Rxb6 29. Be3 Bf3 30. Rd7 Bg4 31. Rf7 Rbc6 32. Raf1 Nf5 33. R1xf5 Bxf5 34. Bd4+ Kg8 35. Rg7+ Kf8 36. Bb3 Be6 37. Rxb7 Bxb3 38. axb3 R6c7 39. Rb5 a6 40. Rb6 Rc6 41. Rb7 R8c7 42. Rb8+ Kf7 43. Kf2 Ke6 44. Ke3 Rc8 45. Rb7 h5 46. Ke4 Re8 47. c4 Re7 48. Rb8 Rc8 49. Rb6+ Kf7+ 50. Kd3 Re6 51. Rb7+ Kf8 52. Rh7 Ke8 53. Rg7 Rd8 54. Kc3 Rd7 55. Rg8+ Ke7 56. Rg7+ Kd6 57. Rg8 Rde7 58. b4 Re8 59. Rg7 R8e7 60. Bc5+ Kd7 61. Bxe7 Rxe7 62. Rxg6 Re2 63. Rxa6 Rxh2 64. Kd4 h4 65. Kc5 h3 66. Ra7+ Kd8 67. Rh7 Rh1 68. b5 h2 69. b6 1-0

[Event "Buryatia-ch"]
[Site "Ulan-Ude"]
[Date "2013.01.04"]
[Round "4"]
[White "Samdanov, Samdan"]
[Black "Mitypov, Bair"]
[Result "1-0"]
[WhiteElo "2231"]
[BlackElo "2243"]
[PlyCount "75"]
[EventDate "2013.01.02"]
[EventType "swiss"]
[EventRounds "9"]
[EventCountry "RUS"]
[SourceTitle "CBM 152 Extra"]
[Source "ChessBase"]
[SourceDate "2013.02.25"]
[SourceVersion "1"]
[SourceVersionDate "2013.02.25"]
[SourceQuality "1"]

1. Nf3 Nf6 2. c4 e6 3. g3 d5 4. Bg2 c6 5. 0-0 Be7 6. d4 b5 7. b3 bxc4 8. bxc4 Ba6 9. Nbd2 0-0 10. Re1 Bb4 11. Rb1 Ba5 12. Ba3 Re8 13. Qa4 Ne4 14. Bb4 Bb6 15. e3 Nxd2 16. Nxd2 dxc4 17. Qc2 Nd7 18. Nxc4 Bxc4 19. Qxc4 Rc8 20. Bd6 Nf6 21. Ba3 Nd5 22. Rec1 h6 23. Qa4 Qd7 24. Rb3 f5 25. Rb2 e5 26. dxe5 Rxe5 27. Kh1 Qe6 28. Rbc2 Nf6 29. Bxc6 Ra5 30. Qb4 Rxc6 31. Rxc6 Qxa2 32. Rxf6 Qxf2 33. Qf8+ Kh7 34. Rxh6+ Kxh6 35. Qh8+ Kg5 36. Be7+ Kg4 37. Qh4+ Kf3 38. Qf4+ 1-0

[Event "Wch U16"]
[Site "Maribor"]
[Date "2012.11.17"]
[Round "10.13"]
[White "Samdanov, Samdan"]
[Black "Giroyan, Gary"]
[Result "0-1"]
[WhiteElo "2227"]
[BlackElo "2382"]
[PlyCount "82"]
[EventDate "2012.11.08"]
[EventType "swiss"]
[EventRounds "11"]
[EventCountry "SLO"]
[SourceTitle "EXT 2013"]
[Source "ChessBase"]
[SourceDate "2012.11.22"]
[SourceVersion "1"]
[SourceVersionDate "2012.11.22"]
[SourceQuality "1"]

1. c4 e5 2. g3 Nf6 3. Bg2 c6 4. d4 e4 5. Nc3 d5 6. Bg5 dxc4 7. Nxe4 Bb4+ 8. Nc3 Qa5 9. Bd2 Qh5 10. Ne4 Be7 11. Nxf6+ Bxf6 12. Nf3 0-0 13. Qc2 b5 14. 0-0 Bf5 15. e4 Bg4 16. Qc3 Nd7 17. Qe3 Nb6 18. Rfc1 Rfe8 19. e5 Be7 20. Ne1 Nd5 21. Qe4 Bf5 22. Qf3 Qg6 23. a4 a6 24. h3 f6 25. b3 fxe5 26. dxe5 c3 27. Bxc3 Bg5 28. g4 Bxc1 29. Rxc1 Be6 30. Bd4 Rf8 31. Qg3 Nf4 32. Bf1 Bd5 33. Be3 Qe4 34. Ng2 Ng6 35. f4 Nxe5 36. fxe5 Rf3 37. Qe1 Raf8 38. Qd2 Rxh3 39. axb5 axb5 40. b4 Qxg4 41. Bc5 Qh5 0-1

[Event "Wch U16"]
[Site "Maribor"]
[Date "2012.11.15"]
[Round "8.8"]
[White "Beradze, Irakli"]
[Black "Samdanov, Samdan"]
[Result "1/2-1/2"]
[WhiteElo "2321"]
[BlackElo "2221"]
[PlyCount "142"]
[EventDate "2012.11.08"]
[EventType "swiss"]
[EventRounds "11"]
[EventCountry "SLO"]
[SourceTitle "EXT 2013"]
[Source "ChessBase"]
[SourceDate "2012.11.22"]
[SourceVersion "1"]
[SourceVersionDate "2012.11.22"]
[SourceQuality "1"]

1. e4 c5 2. Nf3 d6 3. d4 cxd4 4. Qxd4 Nc6 5. Bb5 Bd7 6. Bxc6 Bxc6 7. Nc3 Nf6 8. Bg5 e6 9. 0-0-0 Be7 10. Rhe1 0-0 11. Kb1 h6 12. Bh4 Re8 13. Qd2 Nxe4 14. Nxe4 Bxh4 15. Nxd6 Rf8 16. Qe3 Qe7 17. Ne5 Bd5 18. Nf5 Bxa2+ 19. Kxa2 exf5 20. Qb3 Bxf2 21. Re2 Rad8 22. Rf1 Bh4 23. Rxf5 Bf6 24. Rf3 Rd6 25. Rfe3 Rb6 26. Qc4 Rb4 27. Qc3 Rd8 28. Re1 Ra4+ 29. Kb1 Qd6 30. Rd3 Qe6 31. Rxd8+ Bxd8 32. Nc4 Qc6 33. Qd3 Bf6 34. Nd6 g6 35. Re8+ Kh7 36. Rf8 Bg7 37. Rxf7 Qxg2 38. Rxg7+ Kxg7 39. Qc3+ Kg8 40. Qb3+ Kh8 41. Qc3+ Kg8 42. Qc8+ Kg7 43. Qd7+ Kh8 44. Qe8+ Kg7 45. Qxa4 Qh1+ 46. Ka2 Qd5+ 47. Nc4 b5 48. Qxa7+ Kg8 49. Qb8+ Kh7 50. Qc7+ Kg8 51. Qb8+ Kh7 52. Qc7+ Kg8 53. b3 bxc4 54. bxc4 Qf7 55. Qxf7+ Kxf7 56. Kb3 Ke6 57. Kc3 Ke5 58. Kb4 Kd6 59. Kb5 g5 60. Kb6 Kd7 61. c5 Kc8 62. Kc6 h5 63. Kd5 h4 64. Ke4 g4 65. Kf4 g3 66. hxg3 hxg3 67. Kxg3 Kc7 68. Kf3 Kc6 69. Ke3 Kxc5 70. Kd3 Kd5 71. Kc3 Kc5 1/2-1/2

[Event "Chigorin Memorial 20th"]
[Site "St Petersburg"]
[Date "2012.11.03"]
[Round "8"]
[White "Can, Emre"]
[Black "Samdanov, Samdan"]
[Result "1-0"]
[WhiteElo "2449"]
[BlackElo "2221"]
[PlyCount "109"]
[EventDate "2012.10.27"]
[EventType "swiss"]
[EventRounds "9"]
[EventCountry "RUS"]
[SourceTitle "EXT 2013"]
[Source "ChessBase"]
[SourceDate "2012.11.22"]
[SourceVersion "1"]
[SourceVersionDate "2012.11.22"]
[SourceQuality "1"]

1. e4 c5 2. Nf3 d6 3. c3 Nf6 4. Be2 Bg4 5. 0-0 e6 6. d3 Nc6 7. Nbd2 Be7 8. a3 d5 9. b4 dxe4 10. dxe4 a6 11. Bb2 Bxf3 12. Bxf3 Ne5 13. Be2 Nd3 14. Qc2 Nxb2 15. b5 0-0 16. Qxb2 axb5 17. Bxb5 Ng4 18. h3 Ne5 19. Rad1 g5 20. h4 g4 21. g3 Qb6 22. Rb1 Rfd8 23. Kg2 Bf6 24. a4 Rd6 25. Qc1 Qc7 26. f4 gxf3+ 27. Nxf3 Rad8 28. Kh3 Qe7 29. Qf4 Nxf3 30. Rxf3 Bg7 31. Rbf1 Rd1 32. R1f2 Rh1+ 33. Kg2 Re1 34. Qxf7+ Qxf7 35. Rxf7 b6 36. Rb7 Bxc3 37. Rff7 Rd2+ 38. Kf3 h5 39. Rfd7 Rxd7 40. Bxd7 e5 41. Rxb6 Bd4 42. a5 c4 43. Be6+ Kg7 44. Rb7+ Kf6 45. Bxc4 Re3+ 46. Kg2 Rxe4 47. Rf7+ Kg6 48. Bd3 Kxf7 49. Bxe4 Bc3 50. a6 Bd4 51. Bf3 Kg6 52. Kf1 Ba7 53. Ke2 Bb8 54. Kd3 Ba7 55. Ke4 1-0

[Event "Chigorin Memorial 20th"]
[Site "St Petersburg"]
[Date "2012.11.02"]
[Round "7"]
[White "Samdanov, Samdan"]
[Black "Gogolev, Artem"]
[Result "1-0"]
[WhiteElo "2221"]
[BlackElo "2090"]
[PlyCount "55"]
[EventDate "2012.10.27"]
[EventType "swiss"]
[EventRounds "9"]
[EventCountry "RUS"]
[SourceTitle "EXT 2013"]
[Source "ChessBase"]
[SourceDate "2012.11.22"]
[SourceVersion "1"]
[SourceVersionDate "2012.11.22"]
[SourceQuality "1"]

1. d4 Nf6 2. c4 e6 3. Nc3 Bb4 4. e3 0-0 5. Nge2 d5 6. a3 Be7 7. cxd5 exd5 8. g3 c6 9. Bg2 Bf5 10. f3 Qa5 11. 0-0 c5 12. dxc5 Bxc5 13. g4 Be6 14. g5 Ne8 15. f4 Nd6 16. Nxd5 Bxd5 17. Qxd5 Qb6 18. Kh1 Nc6 19. Nc3 Ne7 20. Qd3 Rfd8 21. b4 Ndc8 22. Qe2 Bd6 23. Bb2 Re8 24. e4 a5 25. b5 Qa7 26. Na4 Bc5 27. Qc4 Bb6 28. Qc3 1-0

[Event "Chigorin Memorial 20th"]
[Site "St Petersburg"]
[Date "2012.10.27"]
[Round "1"]
[White "Samdanov, Samdan"]
[Black "Zvjaginsev, Vadim"]
[Result "0-1"]
[WhiteElo "2221"]
[BlackElo "2678"]
[PlyCount "106"]
[EventDate "2012.10.27"]
[EventType "swiss"]
[EventRounds "9"]
[EventCountry "RUS"]
[SourceTitle "EXT 2013"]
[Source "ChessBase"]
[SourceDate "2012.11.22"]
[SourceVersion "1"]
[SourceVersionDate "2012.11.22"]
[SourceQuality "1"]

1. d4 d6 2. e4 Nf6 3. f3 c5 4. d5 e6 5. c4 Nbd7 6. Nc3 Be7 7. Nh3 0-0 8. Be3 exd5 9. cxd5 Ne5 10. Nf2 Rb8 11. a4 a6 12. Be2 Bd7 13. f4 Ng6 14. 0-0 Re8 15. Qb1 b5 16. axb5 Bxb5 17. Bxb5 axb5 18. b4 Bf8 19. Re1 Nd7 20. g3 Nb6 21. Ra5 Nc4 22. Rxb5 Na3 23. Rxb8 Qxb8 24. Qb3 Qxb4 25. Qxb4 cxb4 26. Na4 f5 27. Bc1 Nc2 28. Re2 Nd4 29. Rb2 fxe4 30. Be3 Nf5 31. Nd1 Rb8 32. Bb6 Nge7 33. g4 Nxd5 34. gxf5 Ra8 35. Rd2 e3 36. Bxe3 Nxe3 37. Nxe3 Rxa4 38. Rb2 Kf7 39. Nd5 Ra5 40. Nxb4 Rb5 41. Nd3 Rxb2 42. Nxb2 Kf6 43. Kg2 Kxf5 44. Kf3 d5 45. Nd3 Bd6 46. Ke3 Kg4 47. Nf2+ Kf5 48. Nd3 Kg4 49. Nf2+ Kh4 50. Nd3 Kh3 51. Kd4 Kxh2 52. Kxd5 Bc7 53. Ke6 Kg3 0-1

[Event "Buryatia-ch"]
[Site "Ulan-Ude"]
[Date "2012.09.26"]
[Round "5"]
[White "Rushakov, Anatoly"]
[Black "Samdanov, Samdan"]
[Result "0-1"]
[WhiteElo "2019"]
[BlackElo "2221"]
[PlyCount "48"]
[EventDate "2012.09.22"]
[EventType "swiss"]
[EventRounds "9"]
[EventCountry "RUS"]
[SourceTitle "CBM 150 Extra"]
[Source "ChessBase"]
[SourceDate "2012.10.19"]
[SourceVersion "1"]
[SourceVersionDate "2012.10.19"]
[SourceQuality "1"]

1. d4 Nf6 2. Qd3 c5 3. d5 e6 4. e4 b5 5. Bg5 h6 6. Bf4 exd5 7. e5 c4 8. Qd1 Qe7 9. Nc3 d4 10. Nxb5 Qb4+ 11. c3 Qxb5 12. exf6 d3 13. b3 Nc6 14. bxc4 Qxc4 15. Qd2 Ba6 16. Qe3+ Kd8 17. Kd2 Bb4 18. Qxd3 Qxf4+ 19. Qe3 Bxc3+ 20. Kxc3 Qb4+ 21. Kc2 Nd4+ 22. Kd1 Qa4+ 23. Kd2 Qc2+ 24. Ke1 Re8 0-1

[Event "Buryatia-ch"]
[Site "Ulan-Ude"]
[Date "2012.09.24"]
[Round "3"]
[White "Samdanov, Samdan"]
[Black "Bazarzhapov, Dugar"]
[Result "1-0"]
[WhiteElo "2221"]
[BlackElo "1735"]
[PlyCount "67"]
[EventDate "2012.09.22"]
[EventType "swiss"]
[EventRounds "9"]
[EventCountry "RUS"]
[SourceTitle "CBM 150 Extra"]
[Source "ChessBase"]
[SourceDate "2012.10.19"]
[SourceVersion "1"]
[SourceVersionDate "2012.10.19"]
[SourceQuality "1"]

1. d4 e6 2. c4 f5 3. Nc3 Nf6 4. Qc2 Be7 5. Nf3 d6 6. e4 fxe4 7. Nxe4 Nbd7 8. Neg5 Nb6 9. Bd3 g6 10. Nxh7 Nxh7 11. Bxg6+ Kd7 12. Bxh7 c6 13. c5 Nd5 14. Bd2 Qf8 15. Be4 Rg8 16. cxd6 Bxd6 17. Ne5+ Kc7 18. 0-0-0 Bd7 19. g3 Qg7 20. f4 Rac8 21. Bxd5 exd5 22. Nxd7 Qxd7 23. Kb1 Rce8 24. Rde1 Qh3 25. Bc3 Kb8 26. a3 Qh5 27. Ka2 Rh8 28. Qd1 Qf7 29. Rxe8+ Rxe8 30. Re1 Rh8 31. Qe2 c5 32. Qe6 Qxe6 33. Rxe6 cxd4 34. Bxd4 1-0

[Event "Ulan-Ude op"]
[Site "Ulan-Ude"]
[Date "2012.07.28"]
[Round "7"]
[White "Sadykov, Al"]
[Black "Samdanov, Samdan"]
[Result "0-1"]
[WhiteElo "1991"]
[BlackElo "2166"]
[PlyCount "122"]
[EventDate "2012.07.24"]
[EventType "swiss"]
[EventRounds "9"]
[EventCountry "RUS"]
[SourceTitle "EXT 2013"]
[Source "ChessBase"]
[SourceDate "2012.11.22"]
[SourceVersion "1"]
[SourceVersionDate "2012.11.22"]
[SourceQuality "1"]

1. d4 d5 2. c4 c6 3. Nc3 Nf6 4. Nf3 e6 5. e3 Nbd7 6. b3 Bb4 7. Bd2 0-0 8. Bd3 Re8 9. Ne5 Nxe5 10. dxe5 dxc4 11. Bxc4 Qa5 12. exf6 Bxc3 13. Rc1 Bxd2+ 14. Qxd2 Qxd2+ 15. Kxd2 gxf6 16. Bd3 e5 17. Rc4 Rd8 18. Kc3 f5 19. Rh4 Be6 20. Rh5 e4 21. Bc2 Rd5 22. f3 Rad8 23. Rc1 f6 24. Rh4 Rc5+ 25. Kb2 Rd2 26. Kb1 exf3 27. gxf3 Rg2 28. Rh5 Kg7 29. Rh3 Rc3 30. Rg3+ Rxg3 31. hxg3 Rxe3 32. Rf1 Bd5 33. Bd1 a5 34. Kc2 b5 35. Kd2 Re7 36. Bc2 Rd7 37. Ke3 Be6 38. Rh1 h6 39. f4 Re7 40. Kd4 Bd5 41. Rh2 Be4 42. Kc5 Kg6 43. Kd6 Re8 44. Kd7 Rb8 45. Re2 c5 46. Kc7 Rb7+ 47. Kd6 Rb6+ 48. Kc7 Rc6+ 49. Kd7 Ra6 50. Bxe4 fxe4 51. Rxe4 Kf5 52. Re3 b4 53. Kc7 a4 54. Kb7 axb3 55. axb3 Ra2 56. Kb6 Rc2 57. Kb5 Rc3 58. Re1 Kg4 59. Rh1 h5 60. f5 Rxb3 61. Kxc5 Rxg3 0-1